Rāshṭrabhāshā rajata-jayantī grantha. (Record no. 71697)

MARC details
000 -LEADER
fixed length control field 00987cam a22002651 4500
001 - CONTROL NUMBER
control field sa 67000023
003 - CONTROL NUMBER IDENTIFIER
control field DLC
005 - DATE AND TIME OF LATEST TRANSACTION
control field 20260227112311.0
008 - FIXED-LENGTH DATA ELEMENTS--GENERAL INFORMATION
fixed length control field 890724q19601967ii ac 000 0 hino
010 ## - LIBRARY OF CONGRESS CONTROL NUMBER
LC control number sa 67000023
035 ## - SYSTEM CONTROL NUMBER
System control number (OCoLC)20062842
040 ## - CATALOGING SOURCE
Original cataloging agency DLC
Transcribing agency WaU
Modifying agency NRU
-- DLC
042 ## - AUTHENTICATION CODE
Authentication code premarc
043 ## - GEOGRAPHIC AREA CODE
Geographic area code a-ii---
050 00 - LIBRARY OF CONGRESS CALL NUMBER
Classification number PK1931
Item number .U8
110 2# - MAIN ENTRY--CORPORATE NAME
Corporate name or jurisdiction name as entry element Utkal Prantiya Rashtrabhasa Prachar Sabha.
245 10 - TITLE STATEMENT
Title Rāshṭrabhāshā rajata-jayantī grantha.
Statement of responsibility, etc. [Saṃpādakamanḍalah Harekṛshṇa Mahatāba, Ārttavallabha Mahānti tatha Anasūyā Prasāda Pāṭhaka. Parāmarśadātā-manḍalah Bhāgīrathī Mahāpātra tathā anya]
260 ## - PUBLICATION, DISTRIBUTION, ETC.
Place of publication, distribution, etc. Kaṭaka, Utkala Prāntīya Rāshṭrabhāshā Pracāra Sabhā
Date of publication, distribution, etc. [196-]
300 ## - PHYSICAL DESCRIPTION
Extent 24, 589 p.
Other physical details illus., ports.
Dimensions 26 cm.
500 ## - GENERAL NOTE
General note In Hindi.
650 #0 - SUBJECT ADDED ENTRY--TOPICAL TERM
Topical term or geographic name entry element Hindi language
Geographic subdivision India
-- Orissa.
700 1# - ADDED ENTRY--PERSONAL NAME
Personal name Mahtab, Harekrushna,
Dates associated with a name 1900-1987.
700 1# - ADDED ENTRY--PERSONAL NAME
Personal name Mahanty, Artavallabha.
700 1# - ADDED ENTRY--PERSONAL NAME
Personal name Pathak, Ansuya Prasad.

No items available.

Powered by Koha